000
00209 a2200097 4500
001
48500
100
_a
Uren, M
245
_a
Man looking west
260
_a
London
_b
Oxford univ press
_c
090
_c
31436
_d
31436
942
_a
NUST-CAE
_c
M
_c
23821
999
_c
283573
_d
283573